000 00276nam a22001217a 4500
008 170922b xxu||||| |||| 00| 0 eng d
041 _aeng
080 _a902
100 _a45
101 _a002-2927102
245 _aTHE SEARCH FOR THE ETRUSCANS
_cWELLARD, J
942 _2udc
_cBK
999 _c28926
_d28926